Exchange properties of soils in the traditional rubber growing tract in South India (Record no. 59080)

MARC details
000 -LEADER
fixed length control field 00534nam a2200181Ia 4500
100 ## - MAIN ENTRY--AUTHOR NAME
Personal name Joseph M
245 #0 - TITLE STATEMENT
Title Exchange properties of soils in the traditional rubber growing tract in South India
260 ## - PUBLICATION, DISTRIBUTION, ETC. (IMPRINT)
Name of publisher Natural Rubber Research
Year of publication 2011
300 ## - PHYSICAL DESCRIPTION
Number of Pages 97-105
650 ## - SUBJECT ADDED ENTRY--TOPICAL TERM
Topical Term Base saturation
650 ## - SUBJECT ADDED ENTRY--TOPICAL TERM
Topical Term Cation exchange capacity
650 ## - SUBJECT ADDED ENTRY--TOPICAL TERM
Topical Term Exchangeable bases
650 ## - SUBJECT ADDED ENTRY--TOPICAL TERM
Topical Term Extractable acidity
650 ## - SUBJECT ADDED ENTRY--TOPICAL TERM
Topical Term Extractable bases
650 ## - SUBJECT ADDED ENTRY--TOPICAL TERM
Topical Term Hevea brasiliensis
942 ## - ADDED ENTRY ELEMENTS (KOHA)
Koha item type Journals
Holdings
Withdrawn status Lost status Damaged status Not for loan Home library Current library Shelving location Date acquired Serial Enumeration / chronology Koha item type
      Journals RRII Library RRII Library Agronomy 17/12/2021 Volume 24, Issue 1 Journals